000 00782nam a2200277 i 4500
001 C2-0152034
003 PPAK
005 20180727131939.0
008 980329s1995 my a|||| ||||| | may d
020 _a9838233110
040 _aPPAK
_beng
_cPPAK
_erda
082 0 4 _a915.04
_223
090 0 0 _a915.04
_bTAN
_dK
090 0 0 _a915.04
_bTAN
_dRK
100 1 _aTan, BC,
_eauthor
245 1 0 _aAfrika Tenggara 2
264 1 _aPetaling Jaya, Selangor :
_bPrisma ,
_c1995
300 _a43 pages :
_billustrations ;
_c26 cm
336 _2rdacontent
_atext
337 _2rdamedia
_aunmediated
338 _2rdacarrier
_avolume
490 1 _aSiri pertama seratus negara
650 1 0 _aNorth America - Description and travel
830 0 _aSiri pertama seratus negara
942 _ddc
_cB
999 _c47447
_d47447